<?xml version="1.0" encoding="UTF-8"?>
<marc:record xmlns:marc="http://www.loc.gov/MARC21/slim">
   <marc:leader>00000nam a2200000 a 4500</marc:leader>
   <marc:datafield ind1="1" ind2=" " tag="100">
      <marc:subfield code="a">Friedrich, Sabine</marc:subfield>
      <marc:subfield code="4">aut</marc:subfield>
      <marc:subfield code="e">Verfasser/-in</marc:subfield>
   </marc:datafield>
   <marc:datafield ind1="0" ind2="0" tag="245">
      <marc:subfield code="a">Einige aber doch</marc:subfield>
   </marc:datafield>
   <marc:datafield ind1="0" ind2="0" tag="245">
      <marc:subfield code="b">Roman</marc:subfield>
   </marc:datafield>
   <marc:datafield ind1="0" ind2="0" tag="245">
      <marc:subfield code="c">Sabine Friedrich</marc:subfield>
   </marc:datafield>
   <marc:datafield ind1=" " ind2="1" tag="264">
      <marc:subfield code="a">München</marc:subfield>
      <marc:subfield code="b">dtv</marc:subfield>
      <marc:subfield code="c">2019</marc:subfield>
   </marc:datafield>
   <marc:datafield ind1="1" ind2=" " tag="520">
      <marc:subfield code="a">Fast alle Frauen und Männer, die die Gestapo als &#x9b;Rote Kapelle&#x8b; zusammenfasste, erwartete am Ende der gewaltsame Tod. Aber so gleich ihr Schicksal, so unterschiedlich ihre Lebenswege. Sabine Friedrich erzählt nicht von Helden einer fernen Vergangenheit, sondern von entschlossenen und suchenden, zweifelnden und überzeugten, zornigen und liebenden Menschen, die gezwungen waren, sich zu den Gegebenheiten ihrer Zeit zu verhalten wie alle anderen auch. Die meisten fügten sich. Viele murrten. Wenige handelten. Einige aber doch.</marc:subfield>
   </marc:datafield>
   <marc:datafield ind1=" " ind2=" " tag="020">
      <marc:subfield code="a">9783423282017</marc:subfield>
      <marc:subfield code="9">9783423282017</marc:subfield>
   </marc:datafield>
   <marc:datafield ind1=" " ind2=" " tag="020">
      <marc:subfield code="a">3423282010</marc:subfield>
      <marc:subfield code="9">3423282010</marc:subfield>
   </marc:datafield>
   <marc:datafield ind1=" " ind2=" " tag="300">
      <marc:subfield code="a">439 Seiten</marc:subfield>
   </marc:datafield>
</marc:record>
